000 00293nam a22000977a 4500
999 _c507509
_d507509
082 _aA42x54 A/1986/Pt1
100 _aIndia. Ministry of Law, Justice and Company Affairs
_91859
245 _aActs of Parliament
_cby Ministry of Law, Justice and Company Affairs
260 _aDelhi
300 _a350p.